[Event "Amateur-Pokal C"]
[Site "?"]
[Date "2001.??.??"]
[Round "7"]
[White "Bastian, Stefan"]
[Black "Bruene, Gerhard"]
[Result "0-1"]
[WhiteElo "1200"]
[BlackElo "1317"]
[Annotator "ChessOrg"]
[PlyCount "64"]

1. e4 c5 2. Nf3 Nc6 3. Bb5 a6 4. Bxc6 bxc6 5. d3 e6 6. Nbd2 d5 7. exd5 cxd5 8.
O-O Bd6 9. c4 d4 10. Ne4 Qc7 11. Nxd6+ Qxd6 12. g3 Ne7 13. Ng5 h6 14. Qf3 O-O
15. Qxa8 hxg5 16. Qe4 f6 17. f4 f5 18. Qe2 g4 19. a3 Qc6 20. Qg2 Qb6 21. h3 Bb7
22. Qh2 g6 23. hxg4 Kg7 24. g5 Rh8 25. Qe2 Rh1+ 26. Kf2 Rh2+ 27. Ke1 Rxe2+ 28.
Kxe2 Qb3 29. Rb1 Bg2 30. Rd1 Bh3 31. Ke1 Qb7 32. Rd2 Qh1+ 0-1

[Event "Amateur-Pokal C"]
[Site "?"]
[Date "2001.??.??"]
[Round "7"]
[White "Weinz, Andre"]
[Black "Mees, Andreas"]
[Result "0-1"]
[WhiteElo "1199"]
[BlackElo "1341"]
[Annotator "ChessOrg"]
[PlyCount "66"]

1. e4 c5 2. Nc3 d6 3. Nf3 Nf6 4. Bc4 g6 5. Ng5 e6 6. O-O Bg7 7. d3 O-O 8. Qe2
Nc6 9. Nf3 Na5 10. Bg5 Nxc4 11. dxc4 Bd7 12. Qe3 Qc7 13. Qf4 Nh5 14. Qe3 Rfe8
15. Rad1 Bc6 16. Bf4 Rad8 17. Qd2 Nxf4 18. Qxf4 a6 19. Ng5 Rf8 20. Rd3 Qe7 21.
Rfd1 Bh6 22. h4 f6 23. a3 fxg5 24. hxg5 Bxg5 25. Qg3 Bh4 26. Qh2 Bxf2+ 27. Kh1
e5 28. Rh3 Rf7 29. Rf1 Rdf8 30. Nd5 Bxd5 31. exd5 Bd4 32. c3 Rxf1+ 33. Qg1 Bxg1
0-1

[Event "Amateur-Pokal C"]
[Site "?"]
[Date "2001.??.??"]
[Round "8"]
[White "Pillath, Marcus"]
[Black "Schwabe, Manfred"]
[Result "1-0"]
[WhiteElo "1413"]
[BlackElo "1683"]
[Annotator "ChessOrg"]
[PlyCount "118"]

1. Nf3 Nf6 2. d4 g6 3. Bf4 Bg7 4. c3 d6 5. Nbd2 O-O 6. e3 b6 7. Be2 Bb7 8. h3
Nbd7 9. O-O c5 10. Rc1 a6 11. Ne1 b5 12. a3 e5 13. dxe5 dxe5 14. Bg3 Qe7 15.
Qc2 c4 16. Nef3 e4 17. Nd4 Nc5 18. b3 cxb3 19. N2xb3 Rac8 20. Nxc5 Qxc5 21. Qb2
Nd5 22. c4 b4 23. cxd5 Qxd5 24. Rxc8 Rxc8 25. Qxb4 Bf8 26. Qb3 Qxb3 27. Nxb3
Rc3 28. Na5 Bc8 29. Nc4 Be6 30. Nd6 Rxa3 31. Nxe4 f5 32. Ng5 Ba2 33. Rd1 h6 34.
Nf3 Kf7 35. Bd6 Ra5 36. Bxf8 Kxf8 37. Rd6 Kf7 38. Rxa6 Rxa6 39. Bxa6 Bd5 40.
Nd2 Kg7 41. f3 Kf7 42. Bc4 Bxc4 43. Nxc4 Kf6 44. f4 Ke7 45. Kf2 Kf6 46. g3 Ke6
47. Kf3 Kf6 48. h4 Ke6 49. e4 fxe4+ 50. Kxe4 Kf6 51. Ne3 h5 52. Nd5+ Ke6 53.
Ne3 Kf6 54. f5 gxf5+ 55. Nxf5 Kf7 56. Kf4 Kf6 57. Nd4 Kg6 58. Ke4 Kg7 59. Kf4
Kh6 1-0

[Event "Amateur-Pokal C"]
[Site "?"]
[Date "2001.??.??"]
[Round "8"]
[White "Kemmer, Josef"]
[Black "Lang, Wolfgang"]
[Result "1-0"]
[WhiteElo "1585"]
[BlackElo "1479"]
[Annotator "ChessOrg"]
[PlyCount "73"]

1. c4 e5 2. Nc3 Nf6 3. Nf3 Nc6 4. g3 Be7 5. Bg2 d6 6. O-O O-O 7. d3 a6 8. a3
Bg4 9. h3 Be6 10. Kh2 Rb8 11. Nd2 Nd7 12. Nd5 f5 13. f4 Nf6 14. e3 Qd7 15. b3
Nd8 16. Bb2 exf4 17. Nxe7+ Qxe7 18. exf4 Qf7 19. Kg1 c6 20. Nf3 h6 21. Qd2 Qc7
22. Rae1 Qb6+ 23. Nd4 d5 24. Qf2 c5 25. Nxe6 Nxe6 26. cxd5 Nd4 27. b4 Rbd8 28.
bxc5 Qxc5 29. Qxd4 Qxd4+ 30. Bxd4 b5 31. Bc5 Rf7 32. d6 Nd7 33. Bb4 Rc8 34. Bd5
Kf8 35. Bxf7 Kxf7 36. Re7+ Kf8 37. Rxd7 1-0

[Event "Amateur-Pokal C"]
[Site "?"]
[Date "2001.??.??"]
[Round "8"]
[White "Scheurer, Arthur"]
[Black "Schorn, Siegfried"]
[Result "1/2-1/2"]
[WhiteElo "1569"]
[BlackElo "1425"]
[Annotator "ChessOrg"]
[PlyCount "105"]

1. e4 e5 2. Nf3 Nf6 3. d4 Nxe4 4. Bd3 d5 5. dxe5 Nc5 6. Be3 Bg4 7. Be2 Be7 8.
Nc3 c6 9. Qd2 Ne6 10. Nd4 Bxe2 11. Ndxe2 O-O 12. O-O-O f6 13. f4 fxe5 14. fxe5
Nd7 15. Nd4 Nxd4 16. Qxd4 Bc5 17. Qd2 Qb6 18. Bxc5 Nxc5 19. Rhe1 Rae8 20. Qe3
Re6 21. Rd2 Rfe8 22. Qf4 Rf8 23. Qe3 Nd7 24. Qh3 Rfe8 25. Rde2 Qd8 26. Qf5 Qe7
27. Kd2 Qf8 28. Qg4 Qe7 29. Qa4 Qg5+ 30. Kd1 Rxe5 31. Rxe5 Rxe5 32. Rxe5 Qxe5
33. Qg4 Qe8 34. Kd2 Nf6 35. Qd4 b6 36. Qe3 Qxe3+ 37. Kxe3 Kf7 38. h3 Ke6 39.
Ne2 Ke5 40. c3 c5 41. g3 g5 42. Ng1 h6 43. g4 Ne4 44. Ne2 Nd6 45. b3 Nb7 46.
Nc1 Nd8 47. Nd3+ Ke6 48. Nf2 Nc6 49. Nd1 d4+ 50. cxd4 Nxd4 51. Ke4 Nc6 52. Nc3
Ne7 53. a3 1/2-1/2

[Event "Amateur-Pokal C"]
[Site "?"]
[Date "2001.??.??"]
[Round "8"]
[White "Titz, Waldemar"]
[Black "van Hove, Ode"]
[Result "1/2-1/2"]
[WhiteElo "1556"]
[BlackElo "1485"]
[Annotator "ChessOrg"]
[PlyCount "118"]

1. e4 e5 2. Nf3 f5 3. d3 d6 4. Nc3 Nf6 5. Be2 Be7 6. Bg5 O-O 7. O-O Nc6 8. Bxf6
Bxf6 9. Nd5 Ne7 10. Nxf6+ Rxf6 11. exf5 Nxf5 12. c3 Qe8 13. Nd2 Rh6 14. Re1 Kh8
15. Bf3 Nh4 16. d4 Nxf3+ 17. Qxf3 Rf6 18. Qe2 Re6 19. Qd3 exd4 20. Rxe6 Qxe6
21. Qxd4 Bd7 22. Nf3 Bc6 23. Nd2 Qg6 24. f3 a6 25. Rc1 Re8 26. Kf2 Qh6 27. h4
Re5 28. Nb3 Qe6 29. Rc2 a5 30. Nc1 Rd5 31. Qe3 Re5 32. Qd4 Be8 33. b3 Bg6 34.
Re2 Rxe2+ 35. Nxe2 Bb1 36. Nc1 b6 37. Qe3 Bf5 38. g4 Qxe3+ 39. Kxe3 Bd7 40. Nd3
c6 41. a3 Kg8 42. b4 axb4 43. axb4 Kf7 44. Nf4 Kf6 45. Ne2 g6 46. Kf4 c5 47.
bxc5 bxc5 48. Ng3 d5 49. Nf1 Bc6 50. g5+ Ke6 51. Ng3 Be8 52. Ke3 Kd6 53. f4 Bd7
54. h5 Bg4 55. hxg6 hxg6 56. Nf1 Ke6 57. Nd2 Bd1 58. Nf1 Bh5 59. Ng3 Bd1
1/2-1/2

[Event "Amateur-Pokal C"]
[Site "?"]
[Date "2001.??.??"]
[Round "8"]
[White "Mees, Andreas"]
[Black "Bruene, Gerhard"]
[Result "0-1"]
[WhiteElo "1341"]
[BlackElo "1317"]
[Annotator "ChessOrg"]
[PlyCount "72"]

1. e4 c5 2. f4 e6 3. Nf3 Nc6 4. Be2 d6 5. b3 Be7 6. Bb2 Nf6 7. d3 b6 8. h3 O-O
9. Nc3 Bb7 10. g4 Nd4 11. g5 Nxe2 12. Qxe2 Nh5 13. Qh2 f5 14. Bc1 fxe4 15. dxe4
d5 16. Be3 d4 17. O-O-O Qe8 18. Bd2 dxc3 19. Bxc3 Bxe4 20. Rhf1 Rxf4 21. Ne5
Rxf1 22. Rxf1 Bxg5+ 23. Kb1 Bf6 24. Rg1 a5 25. Qe2 Bf5 26. h4 b5 27. Bd2 a4 28.
b4 cxb4 29. Bxb4 Nf4 30. Qe1 Rc8 31. Bc3 Nd5 32. Bb2 Rxc2 33. Ka1 Qc8 34. a3
Rxb2 35. Kxb2 Qc2+ 36. Ka1 Nc3 0-1

[Event "Amateur-Pokal C"]
[Site "?"]
[Date "2001.??.??"]
[Round "8"]
[White "Strozondalla, Andreas"]
[Black "Schreiber, Winfried"]
[Result "0-1"]
[WhiteElo "1200"]
[BlackElo "1451"]
[Annotator "ChessOrg"]
[PlyCount "56"]

1. c4 c5 2. Nc3 Nc6 3. Nf3 Nf6 4. e4 d5 5. d4 cxd4 6. Nxd4 e5 7. Nf5 a6 8. Be3
g6 9. Ng3 Ng4 10. Nxd5 Nxe3 11. Nxe3 Nd4 12. Qd2 Bh6 13. Bd3 Bh3 14. O-O-O Bxg2
15. Qc3 Bxh1 16. Rxh1 O-O 17. Kb1 Rb8 18. Nd5 b6 19. h4 Nf3 20. h5 Kg7 21. hxg6
fxg6 22. Rh3 Qg5 23. Nh5+ Kh8 24. Nhf4 Qg1+ 25. Kc2 Qxf2+ 26. Ne2 Nd4+ 27. Kd1
Qf1+ 28. Qe1 Qxh3 0-1

[Event "Amateur-Pokal C"]
[Site "?"]
[Date "2001.??.??"]
[Round "8"]
[White "Bastian, Stefan"]
[Black "Straesser, Gerda"]
[Result "0-1"]
[WhiteElo "1200"]
[BlackElo "1536"]
[Annotator "ChessOrg"]
[PlyCount "84"]

1. e4 e6 2. Nf3 d5 3. e5 c5 4. d4 Nc6 5. Bb5 Bd7 6. Bxc6 Bxc6 7. Be3 Qb6 8. b3
f6 9. Nc3 Be7 10. a4 a5 11. Qd2 Rc8 12. dxc5 Bxc5 13. Bxc5 Qxc5 14. exf6 Nxf6
15. O-O Bd7 16. Ne5 Qxc3 17. Qxc3 Rxc3 18. Nxd7 Kxd7 19. Rac1 Rhc8 20. b4 axb4
21. Rb1 R8c4 22. a5 Rxc2 23. Ra1 Rc6 24. Rab1 R2c4 25. Ra1 Ne4 26. f3 Nd6 27.
g4 g6 28. Kg2 Rc2+ 29. Kg3 b3 30. Rfb1 b2 31. Ra2 Nc4 32. h4 Ra6 33. Ra4 Rxa5
34. Rb4 Kc6 35. Rh1 Rc1 36. Rxb2 Rxh1 37. Rg2 Raa1 38. Kf2 Ra2+ 39. Kg3 Rxg2+
40. Kxg2 Rc1 41. Kg3 b5 42. Kf4 h6 0-1

[Event "Amateur-Pokal C"]
[Site "?"]
[Date "2001.??.??"]
[Round "9"]
[White "Schwabe, Manfred"]
[Black "Conrad, Egon"]
[Result "1/2-1/2"]
[WhiteElo "1683"]
[BlackElo "1649"]
[Annotator "ChessOrg"]
[PlyCount "28"]

1. Nf3 d5 2. c4 e6 3. d4 Nf6 4. e3 c5 5. Nc3 Nc6 6. dxc5 Bxc5 7. a3 dxc4 8.
Qxd8+ Kxd8 9. Bxc4 a6 10. b4 Ba7 11. Bb2 b5 12. Bb3 Bb7 13. O-O Ke7 14. Rfd1
Rhd8 1/2-1/2

[Event "Amateur-Pokal C"]
[Site "?"]
[Date "2001.??.??"]
[Round "9"]
[White "Bruene, Gerhard"]
[Black "Kemmer, Josef"]
[Result "1/2-1/2"]
[WhiteElo "1317"]
[BlackElo "1585"]
[Annotator "ChessOrg"]
[PlyCount "20"]

1. d4 d5 2. c4 e6 3. Nc3 c5 4. Nf3 Nc6 5. cxd5 exd5 6. e3 Nf6 7. g3 Be6 8. Bg2
h6 9. O-O Be7 10. Re1 O-O 1/2-1/2

[Event "Amateur-Pokal C"]
[Site "?"]
[Date "2001.??.??"]
[Round "9"]
[White "Straesser, Gerda"]
[Black "Scheurer, Arthur"]
[Result "0-1"]
[WhiteElo "1536"]
[BlackElo "1569"]
[Annotator "ChessOrg"]
[PlyCount "96"]

1. e4 c5 2. Nf3 Nc6 3. d4 cxd4 4. Nxd4 Nf6 5. Nc3 g6 6. Be3 Bg7 7. Be2 d6 8.
O-O O-O 9. Rb1 Bd7 10. f3 Qa5 11. Qd2 Rfe8 12. Kh1 a6 13. a3 Qc7 14. Rfe1 Rac8
15. Rbc1 Ne5 16. Bf1 Nc4 17. Bxc4 Qxc4 18. Nde2 Qc7 19. Nd1 Bc6 20. c4 Rcd8 21.
Nd4 e6 22. Qf2 Rd7 23. b4 Qd8 24. b5 Bxe4 25. fxe4 Nxe4 26. Qf3 Nc5 27. Bf2 e5
28. Qe3 Rde7 29. Nb3 Ne6 30. Nc3 Nf4 31. Nd5 Nxd5 32. cxd5 Rc7 33. Rxc7 Qxc7
34. Rc1 Qd7 35. bxa6 bxa6 36. Na5 f5 37. Nc6 f4 38. Qe4 Rf8 39. Rb1 Qf7 40. Rb8
Rxb8 41. Nxb8 Qb7 42. Nc6 Qb5 43. Qe1 Bf6 44. Qd1 h6 45. Qg4 Qf1+ 46. Bg1 Kh7
47. Qd7+ Bg7 48. Qxd6 f3 0-1

[Event "Amateur-Pokal C"]
[Site "?"]
[Date "2001.??.??"]
[Round "9"]
[White "Lang, Wolfgang"]
[Black "Titz, Waldemar"]
[Result "0-1"]
[WhiteElo "1479"]
[BlackElo "1556"]
[Annotator "ChessOrg"]
[PlyCount "44"]

1. e4 d6 2. d4 Nf6 3. Bd3 g6 4. c3 Bg7 5. Bg5 Nbd7 6. Qc1 O-O 7. Bh6 c6 8. Bxg7
Kxg7 9. f4 e5 10. f5 exd4 11. cxd4 Qa5+ 12. Nc3 Re8 13. Nge2 Nxe4 14. O-O Nxc3
15. bxc3 Nf6 16. fxg6 hxg6 17. Qb2 Qg5 18. c4 Qe3+ 19. Kh1 Qxd3 20. d5 Re5 21.
Rxf6 Kxf6 22. dxc6 Qxe2 0-1

[Event "Amateur-Pokal C"]
[Site "?"]
[Date "2001.??.??"]
[Round "9"]
[White "Schorn, Siegfried"]
[Black "Mees, Andreas"]
[Result "0-1"]
[WhiteElo "1425"]
[BlackElo "1341"]
[Annotator "ChessOrg"]
[PlyCount "56"]

1. e4 c5 2. Nf3 d6 3. Bb5+ Nd7 4. O-O a6 5. Bd3 g6 6. c3 Bg7 7. Bc2 c4 8. a4
Nc5 9. d4 cxd3 10. Bxd3 Nxd3 11. Qxd3 Nf6 12. Rd1 O-O 13. e5 Bf5 14. Qe2 Ne8
15. exd6 Nxd6 16. Bf4 Re8 17. Nbd2 Qb6 18. Nc4 Nxc4 19. Qxc4 Qxb2 20. Be5 Be6
21. Qd4 Bf8 22. Rab1 Qc2 23. Rdc1 Qf5 24. Rxb7 Red8 25. Qe3 Qh5 26. Bf4 Bf5 27.
Nd4 f6 28. Ne6 Rd1+ 0-1

[Event "Amateur-Pokal C"]
[Site "?"]
[Date "2001.??.??"]
[Round "9"]
[White "Schreiber, Winfried"]
[Black "Bastian, Stefan"]
[Result "0-1"]
[WhiteElo "1451"]
[BlackElo "1200"]
[Annotator "ChessOrg"]
[PlyCount "158"]

1. c4 e5 2. Nc3 Bb4 3. Nf3 Bxc3 4. bxc3 d6 5. d3 Bd7 6. g3 Bg4 7. Bg2 Bxf3 8.
Bxf3 c6 9. Rb1 Qc7 10. O-O Nf6 11. Bg5 Nbd7 12. Qc2 h6 13. Bxf6 Nxf6 14. Rb2 h5
15. Rfb1 b6 16. Qa4 e4 17. dxe4 O-O 18. e5 dxe5 19. Bxc6 Rab8 20. Bg2 Rbc8 21.
Rc2 e4 22. e3 Qxc4 23. Qxa7 Ra8 24. Qe7 Rxa2 25. Bf1 Qa4 26. Rxa2 Qxa2 27. Qb4
Ng4 28. Rb2 Qa1 29. Qxb6 Ra8 30. h3 Nf6 31. Kg2 Nd5 32. Qb7 Nxc3 33. Bc4 Ra7
34. Qc8+ Kh7 35. Rb8 Qa5 36. Bxf7 Rxf7 37. Ra8 Qc7 38. Qh8+ Kg6 39. Ra6+ Rf6
40. Qe8+ Qf7 41. Rxf6+ gxf6 42. Qc6 Nd5 43. h4 Kh6 44. Qa8 Kg7 45. Qa4 f5 46.
Qd4+ Nf6 47. Qc5 Kg6 48. Qb6 Qc4 49. Qd6 Qe2 50. Qc6 Qf3+ 51. Kg1 Qd1+ 52. Kg2
Qd5 53. Qb6 Kf7 54. Qc7+ Nd7 55. Qa7 Ke7 56. Qc7 Ke6 57. Qc8 Kd6 58. Qh8 Qf7
59. Qd4+ Kc6 60. Qc3+ Nc5 61. Qc2 Qd5 62. Qc3 Qb3 63. Qf6+ Qe6 64. Qc3 Qa2 65.
Qf6+ Qe6 66. Qc3 Kb5 67. Qh8 Qg6 68. Qe5 Kc4 69. Qb2 Qd6 70. Qh8 Qg6 71. Qd4+
Kb5 72. Qb2+ Kc6 73. Qc3 Qg4 74. Qf6+ Kb5 75. Qg5 Qf3+ 76. Kg1 Nd3 77. Kh2
Qxf2+ 78. Kh3 Qf3 79. Kh2 Nf2 0-1

[Event "Amateur-Pokal C"]
[Site "?"]
[Date "2001.??.??"]
[Round "9"]
[White "van Hove, Ode"]
[Black "Strozondalla, Andreas"]
[Result "1-0"]
[WhiteElo "1485"]
[BlackElo "1200"]
[Annotator "ChessOrg"]
[PlyCount "61"]

1. e4 c5 2. d4 cxd4 3. c3 e5 4. Nf3 dxc3 5. Nxc3 Nc6 6. Bc4 Be7 7. Qd5 d6 8.
Qxf7+ Kd7 9. Nb5 Nb4 10. O-O a6 11. Nxe5+ dxe5 12. Rd1+ Kc6 13. Rxd8 axb5 14.
Bd5+ Nxd5 15. exd5+ Kc7 16. d6+ Kxd8 17. dxe7+ Nxe7 18. Be3 Ra6 19. Rd1+ Bd7
20. Bg5 Rf6 21. Bxf6 gxf6 22. Qe6 Ke8 23. Qxd7+ Kf7 24. Rc1 h5 25. Rc7 Re8 26.
Qd1 Kg6 27. Rc3 Nf5 28. Qd7 Ra8 29. a3 b4 30. Rf3 Nd4 31. Rg3+ 1-0

[Event "Amateur-Pokal Sen"]
[Site "?"]
[Date "2001.??.??"]
[Round "1"]
[White "Moeckel, Edgar"]
[Black "Wolf, Alfred"]
[Result "1/2-1/2"]
[WhiteElo "1842"]
[BlackElo "1725"]
[Annotator "ChessOrg"]
[PlyCount "81"]

1. d4 g6 2. e4 Bg7 3. c3 d6 4. Nf3 Nf6 5. Bd3 O-O 6. Qe2 c5 7. dxc5 dxc5 8. O-O
Nc6 9. Rd1 Qc7 10. Na3 a6 11. Nc4 b5 12. Ne3 e6 13. Bd2 Bb7 14. a4 c4 15. Bc2
Ne5 16. Nf1 Nfd7 17. axb5 axb5 18. Nd4 Ra5 19. f4 Nc6 20. Nxc6 Bxc6 21. Be3
Rxa1 22. Rxa1 Nf6 23. Ra7 Bb7 24. Ng3 Ra8 25. Rxa8+ Bxa8 26. h3 h5 27. Qf3 Qa5
28. Ne2 Qa1+ 29. Bc1 Qa7+ 30. Be3 Qb7 31. Nd4 Qa6 32. Ne2 Nd7 33. Qf2 Qa1+ 34.
Bc1 Bf8 35. Qe3 Bc5 36. Nd4 e5 37. fxe5 Nxe5 38. Kh2 Nc6 39. Qd2 Qa5 40. Nf3
Qc7+ 41. Kh1 1/2-1/2

[Event "Amateur-Pokal Sen"]
[Site "?"]
[Date "2001.??.??"]
[Round "1"]
[White "Yazdkhasti, Parvis"]
[Black "Turboust, Roger"]
[Result "0-1"]
[WhiteElo "1720"]
[BlackElo "1850"]
[Annotator "ChessOrg"]
[PlyCount "166"]

1. e4 e5 2. Nf3 Nc6 3. Bb5 d6 4. Nc3 Bd7 5. d3 Nf6 6. O-O Be7 7. Be3 O-O 8. h3
a6 9. Ba4 b5 10. Bb3 Na5 11. Nd2 Nxb3 12. Nxb3 c5 13. Nd2 Be6 14. b3 d5 15.
exd5 Nxd5 16. Nxd5 Bxd5 17. c4 Bb7 18. Qc2 f5 19. f4 exf4 20. Bxf4 Qd4+ 21. Kh1
Rad8 22. Rad1 Qxd3 23. Qxd3 Rxd3 24. Nf3 bxc4 25. bxc4 Rfd8 26. Rde1 Bf6 27.
Be5 Bh4 28. Nxh4 Rxh3+ 29. Kg1 Rxh4 30. Rxf5 Rg4 31. Rf2 Rxc4 32. Ref1 Rg4 33.
Bc7 Rc8 34. Bd6 h6 35. g3 c4 36. Kh2 Rg5 37. Kh3 c3 38. Bf4 Rh5+ 39. Kg4 Rcc5
40. Be3 Bc8+ 41. Kf3 Rhf5+ 42. Ke2 Rxf2+ 43. Kxf2 Rf5+ 44. Ke2 Ra5 45. Ra1 Bf5
46. Bc1 Kf7 47. a3 Bc2 48. Be3 Be4 49. Rf1+ Kg6 50. Rf4 Bf5 51. Bc1 Re5+ 52.
Be3 c2 53. Rc4 Rd5 54. Rc6+ Kh5 55. Rc3 Bg4+ 56. Kf2 Bd1 57. Rc4 Rf5+ 58. Ke1
g5 59. g4+ Bxg4 60. Rxc2 Ra5 61. Bc5 Rb5 62. Kf2 Rb3 63. Kg1 Rb1+ 64. Kf2 Bf5
65. Rc3 g4 66. Kg3 Rf1 67. Kg2 Rf4 68. Kg3 Re4 69. Be3 Be6 70. Rc5+ Kg6 71. Bf4
Ra4 72. Rc6 Rxa3+ 73. Kf2 Kf5 74. Bxh6 g3+ 75. Kg1 Bd5 76. Rc5 Ra1+ 77. Bc1 Ke5
78. Rc3 Kd4 79. Rc2 a5 80. Rc8 a4 81. Rc7 a3 82. Rc8 a2 83. Rc7 Rb1 0-1

[Event "Amateur-Pokal Sen"]
[Site "?"]
[Date "2001.??.??"]
[Round "1"]
[White "Radtke, Eduard"]
[Black "Schampel, Arno"]
[Result "1-0"]
[WhiteElo "1980"]
[BlackElo "1698"]
[Annotator "ChessOrg"]
[PlyCount "121"]

1. e4 d5 2. exd5 Nf6 3. c4 Bg4 4. Be2 Bxe2 5. Qxe2 g6 6. Nf3 Bg7 7. O-O O-O 8.
d4 c6 9. dxc6 Nxc6 10. d5 Nb8 11. Nc3 a6 12. Bg5 Re8 13. Rfd1 Qd6 14. Qd2 Nbd7
15. Rac1 Rac8 16. b3 Nc5 17. Re1 Rcd8 18. h3 Ncd7 19. Bf4 Qb4 20. Nd4 Nh5 21.
Bh6 Qc5 22. Bxg7 Nxg7 23. Rcd1 Nf6 24. Qe3 Qd6 25. Re2 Qb4 26. Rde1 Rc8 27. Nc2
Qd6 28. Ne4 Nxe4 29. Qxe4 Qd7 30. Nd4 Qd6 31. Qe5 Qc5 32. Nf3 b5 33. Rc2 Qa3
34. Rec1 Qb4 35. Nd4 bxc4 36. bxc4 Qc5 37. Nb3 Qd6 38. Qe4 e6 39. dxe6 Rxe6 40.
Qd5 Qc7 41. Qa5 Qf4 42. Qd2 Qc7 43. c5 Rce8 44. Nd4 R6e7 45. Qc3 Ne6 46. Nxe6
Rxe6 47. c6 Rc8 48. Qc4 Rce8 49. g3 a5 50. Qd5 Rd8 51. Qf3 Kg7 52. Rc5 Rdd6 53.
Qc3+ Kh6 54. g4 f6 55. h4 Kg7 56. Qc4 Re8 57. Rb1 Kh6 58. Qf4+ g5 59. hxg5+ Kg6
60. Qf5+ Kg7 61. Rb7 1-0

[Event "Amateur-Pokal Sen"]
[Site "?"]
[Date "2001.??.??"]
[Round "1"]
[White "Oser, Thor"]
[Black "Scheerer, Helmut"]
[Result "0-1"]
[WhiteElo "1657"]
[BlackElo "1855"]
[Annotator "ChessOrg"]
[PlyCount "100"]

1. e4 e5 2. Nf3 Nc6 3. d4 exd4 4. Bc4 Bb4+ 5. c3 dxc3 6. O-O d6 7. bxc3 Bc5 8.
Qb3 Qe7 9. Bg5 Nf6 10. Nbd2 h6 11. Bh4 O-O 12. e5 Nxe5 13. Nxe5 Qxe5 14. Rae1
Qf4 15. Bxf6 Qxd2 16. Bh4 c6 17. Re2 Qf4 18. Be7 b5 19. Bxf8 Bg4 20. Bxd6 Bxd6
21. Bxf7+ Qxf7 22. Qxf7+ Kxf7 23. f3 Be6 24. Rd1 Rd8 25. Kh1 Bc7 26. Rxd8 Bxd8
27. g4 Bf6 28. Rc2 Bd5 29. Kg2 Be5 30. h4 a5 31. Kf2 Bd6 32. Kg2 Kf6 33. Re2 b4
34. cxb4 axb4 35. Kf2 Bf4 36. Rb2 c5 37. Rc2 Be5 38. Kg2 Bd4 39. Kg3 b3 40.
axb3 Bxb3 41. Re2 g5 42. hxg5+ hxg5 43. Re4 Be5+ 44. Kf2 c4 45. Ke3 c3 46. Kd3
c2 47. Re1 Bb2 48. Kd2 c1=Q+ 49. Rxc1 Bxc1+ 50. Kxc1 Bd5 0-1

[Event "Amateur-Pokal Sen"]
[Site "?"]
[Date "2001.??.??"]
[Round "1"]
[White "Fleckner, Hans"]
[Black "Wolf, Margot"]
[Result "1-0"]
[WhiteElo "1819"]
[BlackElo "1311"]
[Annotator "ChessOrg"]
[PlyCount "61"]

1. e4 c6 2. Nf3 d5 3. Nc3 dxe4 4. Nxe4 Bf5 5. Ng3 Bg6 6. h4 h6 7. Ne5 Bh7 8.
Qh5 g6 9. Bc4 e6 10. Qe2 Nd7 11. Nxf7 Qe7 12. Nxh8 Bg7 13. Nxg6 Bxg6 14. c3 Ne5
15. d4 Nxc4 16. Qxc4 O-O-O 17. Qe2 Nf6 18. Bf4 Nd5 19. Be5 Bxe5 20. Qxe5 Rf8
21. O-O Nf4 22. h5 Nd3 23. Qe2 Bh7 24. Rad1 Nf4 25. Qe3 Bg8 26. d5 Nxd5 27.
Qxa7 Nc7 28. Ne4 Rd8 29. Nc5 Nb5 30. Qa8+ Kc7 31. Qxb7# 1-0

[Event "Amateur-Pokal Sen"]
[Site "?"]
[Date "2001.??.??"]
[Round "2"]
[White "Wolf, Alfred"]
[Black "Wolf, Margot"]
[Result "1-0"]
[WhiteElo "1725"]
[BlackElo "1311"]
[Annotator "ChessOrg"]
[PlyCount "73"]

1. d4 d5 2. Nf3 Nf6 3. Bf4 e6 4. e3 c5 5. c3 Bd6 6. Bxd6 Qxd6 7. Nbd2 Nc6 8.
Bd3 O-O 9. O-O b6 10. Rc1 Bd7 11. Bb1 Rac8 12. Re1 Rfe8 13. dxc5 bxc5 14. Nc4
Qb8 15. Ncd2 Qxb2 16. Re2 Qb7 17. Nb3 e5 18. Nxc5 Qc7 19. Qc2 e4 20. Nxd7 Qxd7
21. Nd4 Nxd4 22. exd4 Rc4 23. Re3 Qb7 24. f3 g6 25. Qe2 exf3 26. Rxe8+ Nxe8 27.
Qxe8+ Kg7 28. Qe5+ f6 29. Qe1 fxg2 30. Qe2 f5 31. Bd3 Rc6 32. Rb1 Qc7 33. Ba6
Rxc3 34. Rb7 Rc1+ 35. Kxg2 Rc3 36. Rxc7+ Rxc7 37. Qe5+ 1-0

[Event "Amateur-Pokal Sen"]
[Site "?"]
[Date "2001.??.??"]
[Round "2"]
[White "Scheerer, Helmut"]
[Black "Fleckner, Hans"]
[Result "1/2-1/2"]
[WhiteElo "1855"]
[BlackElo "1819"]
[Annotator "ChessOrg"]
[PlyCount "49"]

1. e4 c5 2. Nf3 Nc6 3. d4 cxd4 4. Nxd4 Nf6 5. Nc3 g6 6. Be3 Bg7 7. Be2 O-O 8.
O-O d5 9. exd5 Nb4 10. Bf3 Nfxd5 11. Nxd5 Nxd5 12. Bxd5 Qxd5 13. c3 b6 14. Qf3
Qxf3 15. Nxf3 Bb7 16. Nd4 e5 17. Nb5 Ba6 18. a4 Rfd8 19. Rfd1 Bxb5 20. axb5 Bf6
21. Rxd8+ Rxd8 22. Kf1 Rd7 23. Ke2 Be7 24. Rd1 Rxd1 25. Kxd1 1/2-1/2

[Event "Amateur-Pokal Sen"]
[Site "?"]
[Date "2001.??.??"]
[Round "2"]
[White "Schampel, Arno"]
[Black "Oser, Thor"]
[Result "1/2-1/2"]
[WhiteElo "1698"]
[BlackElo "1657"]
[Annotator "ChessOrg"]
[PlyCount "128"]

1. d4 d5 2. c4 e6 3. Nc3 c6 4. e3 Bd6 5. Nf3 Nf6 6. Bd3 Nbd7 7. O-O O-O 8. e4
dxe4 9. Nxe4 Nxe4 10. Bxe4 h6 11. b3 e5 12. d5 c5 13. Bb2 f5 14. Bc2 e4 15. Ne1
Qh4 16. g3 Qh3 17. f4 Nf6 18. Qe2 Ng4 19. Bc1 Bd7 20. Qg2 Qxg2+ 21. Kxg2 Rae8
22. h3 Nf6 23. Be3 Kf7 24. Kf2 Rg8 25. Ng2 g5 26. Rg1 Nh5 27. Bd1 Nf6 28. Rb1
a5 29. a3 Rc8 30. Be2 Rg7 31. Bd2 b6 32. Bc3 Rcg8 33. Be5 Be7 34. Ne3 gxf4 35.
Bxf4 h5 36. Bc7 Bd8 37. Be5 Rh8 38. Rbd1 h4 39. Bf4 hxg3+ 40. Rxg3 Rxg3 41.
Kxg3 Nh5+ 42. Bxh5+ Rxh5 43. Rf1 Bh4+ 44. Kh2 Bg5 45. Ng2 Bxf4+ 46. Nxf4 Rh6
47. Kg3 Kf6 48. h4 Ke5 49. Ng2 Rg6+ 50. Kh2 Rg4 51. h5 f4 52. Rxf4 Rxf4 53.
Nxf4 Kxf4 54. h6 Bf5 55. d6 e3 56. d7 Bxd7 57. h7 e2 58. h8=Q e1=Q 59. Qh6+ Kf3
60. Qf6+ Kg4 61. Qg7+ Kf3 62. Qf7+ Ke2 63. Qxd7 Qh4+ 64. Qh3 Qf2+ 1/2-1/2

[Event "Amateur-Pokal Sen"]
[Site "?"]
[Date "2001.??.??"]
[Round "2"]
[White "Turboust, Roger"]
[Black "Radtke, Eduard"]
[Result "0-1"]
[WhiteElo "1850"]
[BlackElo "1980"]
[Annotator "ChessOrg"]
[PlyCount "156"]

1. e4 e5 2. Nf3 Nc6 3. Bc4 Bc5 4. O-O Nf6 5. c3 Qe7 6. b4 Bb6 7. a4 a6 8. Ba3
d6 9. a5 Ba7 10. b5 axb5 11. Bxb5 Bd7 12. d3 Nxa5 13. Bxd7+ Qxd7 14. Nbd2 Nc6
15. Kh1 O-O 16. Ng5 h6 17. Nh3 Ng4 18. Qe2 f5 19. f3 Nf6 20. Rfb1 Rab8 21. Nf1
fxe4 22. dxe4 Nh5 23. Bc1 Bb6 24. Ne3 Bxe3 25. Bxe3 Qf7 26. Rb5 b6 27. Bd2 Ra8
28. Rxa8 Rxa8 29. Rb1 Ra2 30. Qe1 Ne7 31. Qc1 Kh7 32. Ra1 Qb3 33. Rxa2 Qxa2 34.
g3 Qc4 35. g4 Nf6 36. g5 Nfg8 37. gxh6 gxh6 38. Kg2 d5 39. exd5 Nxd5 40. Qc2+
Kg7 41. Kf2 Ndf6 42. Qf5 Qh4+ 43. Kg2 e4 44. Bf4 exf3+ 45. Kxf3 Ne7 46. Qe6
Qh5+ 47. Kf2 Qc5+ 48. Kf1 Qb5+ 49. Kg1 Qb1+ 50. Kg2 Qc2+ 51. Nf2 Ned5 52. Be5
Kg6 53. Kf3 Qf5+ 54. Qxf5+ Kxf5 55. Bd4 c5 56. Bxc5 bxc5 57. Nd3 Nd7 58. c4
N5b6 59. Nb2 Ne5+ 60. Kg3 Nbxc4 61. Na4 Nd7 62. Kh4 Kg6 63. Kg4 Nd6 64. Nc3 c4
65. Kf4 Kh5 66. Nd5 Kh4 67. Ke3 Kg5 68. Kd4 Nf6 69. Nb6 Kf4 70. Na4 Nfe4 71.
Nb2 h5 72. Nd1 c3 73. Ne3 Nf5+ 74. Nxf5 Kxf5 75. Kd3 Ke5 76. Kc2 Kd4 77. h4 Kc4
78. Kb1 Kd3 0-1

[Event "Amateur-Pokal Sen"]
[Site "?"]
[Date "2001.??.??"]
[Round "2"]
[White "Moeckel, Edgar"]
[Black "Yazdkhasti, Parvis"]
[Result "1/2-1/2"]
[WhiteElo "1842"]
[BlackElo "1720"]
[Annotator "ChessOrg"]
[PlyCount "119"]

1. d4 d5 2. Nf3 Nf6 3. c4 e6 4. e3 b6 5. Nc3 Bb7 6. a3 Be7 7. Bd3 O-O 8. O-O
Nc6 9. b4 dxc4 10. Bxc4 Nd5 11. Bb2 a6 12. Rc1 b5 13. Bd3 Bf6 14. Ne4 Be7 15.
Nc5 Bxc5 16. Rxc5 Rc8 17. Qc2 f5 18. Rxc6 Bxc6 19. Qxc6 Qd6 20. Rc1 h6 21. Ne5
Ne7 22. Qc5 Qxc5 23. Rxc5 c6 24. g3 Rc7 25. f4 Rfc8 26. e4 g6 27. exf5 gxf5 28.
Bc2 Nd5 29. Bb3 Kf8 30. Rc2 Ke7 31. Re2 Rg8 32. Nd3 Kd6 33. Nc5 Re7 34. Nxa6
Nxf4 35. Re3 h5 36. Kf2 Nh3+ 37. Ke1 f4 38. gxf4 Nxf4 39. Kd1 Reg7 40. Bc1 Rg1+
41. Kc2 R8g2+ 42. Kb1 Nd5 43. Bxd5 Kxd5 44. Re5+ Kxd4 45. Rxh5 Re1 46. Nc5 Rgg1
47. Rh4+ Kd5 48. Nb3 e5 49. Kc2 Rg2+ 50. Bd2 Rh1 51. h3 Rgh2 52. Nc5 Rxh3 53.
Rxh3 Rxh3 54. a4 bxa4 55. Nxa4 Rh2 56. Nc3+ Kc4 57. Nd1 e4 58. Ne3+ Kd4 59.
Nf5+ Kc4 60. Ne3+ 1/2-1/2